Filme mit 3 Worte erraten - Statistiken

Allgemein
  • Dieses Quiz wurde 1.216 mal gespielt
  • Das Durchschnittsergebnis liegt bei 16 aus 25
Antwortstatistiken
Hinweise : Film : % Korrekt
Piraten, Abenteuer, Humor Fluch der Karibik
92%
Clownfisch, Meer, Vater Findet Nemo
91%
Galaktisch, Jedi, Imperium Star Wars
91%
Zauber, Eule, Brille Harry Potter
89%
Eichel, Mammut, Eiszeit Ice Age
89%
Dinosaurier, Spannung, Abenteuer Jurassic Park
89%
Liebe, Tragödie, Ozean Titanic
89%
Held, Verantwortung, Spinne Spider Man
86%
Held, Gerechtigkeit, Fledermaus Batman
84%
Lampe, Abenteuer, Wünsche Aladdin
80%
Meeresabenteuer, Schwamm, Ananas Spongebob Schwammkopf
75%
Oger, Märchenwelt, Liebe Shrek
73%
Magie, Schwestern, Schnee Eiskönigin
64%
Action, Autos, Familie Fast and Furious
61%
Animation, Freundschaft, Kartoffel Toy Story
57%
Überleben, Rebellion, Spiele Tribute von Panem
55%
Flieger, Mut, Fortsetzung Top Gun
50%
Savannenabenteuer, Familie, Musik König der Löwen
49%
Verspielt, Gelb, Familienfilm Minions
49%
Entdeckung, Weltall, Raumzeit Interstellar
47%
Fantasy, Gemeinschaft, Dunkelheit Herr der Ringe
41%
Emotionen, Abenteuer, Luftfahrt Oben
27%
Videospiel-Abenteuer, Bunt, Chaotisch Super Mario
24%
Horror, Übernatürlich, Ermittler Conjuring
14%
Unschuld, Lebensreise, Symbolismus Forrest Gump
9%
Keine übereinstimmenden Quizze gefunden
Verteilung der Resultate
Anzahl Personen mit jedem Resultat
Perzentil nach korrekt beantworteten Fragen
Ihre Resultats-Entwicklung
Sie haben dieses Quiz noch nicht gespielt